000 00209 a2200097 4500
020 _a9780972014854
041 _aspa
100 _aMayer gloria
245 _aQue hacer para los niǫs con sobrepeso
942 _cBK
999 _c9022
_d9022